000 00442nam a2200169Ia 4500
005 20250508161925.0
008 008 250505s9999 xx 000 0 hin d
037 _aTextual
040 _aFEDL
_beng
_cFEDL
041 _ahin
_2hin
084 _qFEDL
245 0 _aapke ghar ke liye utkarsh utpadan
260 _aCalcutta, India
_bKusum Products Limited
_c1973
546 _aWeeded out
942 _cTEXL
999 _c1373248
_d1373248